MARC details
| 000 -LEADER |
| fixed length control field |
02429nam a22003617a 4500 |
| 001 - CONTROL NUMBER |
| control field |
101133 |
| 003 - CONTROL NUMBER IDENTIFIER |
| control field |
KnowledgeUnlatched |
| 005 - DATE AND TIME OF LATEST TRANSACTION |
| control field |
20210303105144.0 |
| 006 - FIXED-LENGTH DATA ELEMENTS--ADDITIONAL MATERIAL CHARACTERISTICS |
| fixed length control field |
m o d |
| 007 - PHYSICAL DESCRIPTION FIXED FIELD--GENERAL INFORMATION |
| fixed length control field |
cr u|||||||||| |
| 008 - FIXED-LENGTH DATA ELEMENTS--GENERAL INFORMATION |
| fixed length control field |
210129p20062019au o u00| u eng d |
| 037 ## - SOURCE OF ACQUISITION |
| Institution to which field applies |
BiblioBoard |
| 020 ## - INTERNATIONAL STANDARD BOOK NUMBER |
| International Standard Book Number |
9783700168041 |
| 029 1# - OTHER SYSTEM CONTROL NUMBER (OCLC) |
| OCLC library identifier |
https://library.biblioboard.com/ext/api/media/d94917d1-02d1-4a4d-8c24-585bdeb9e7fe/assets/thumbnail.jpg |
| 040 ## - CATALOGING SOURCE |
| Original cataloging agency |
ScCtBLL |
| Transcribing agency |
ScCtBLL |
| 245 00 - TITLE STATEMENT |
| Title |
Europe and Palestine 1799-1948: Religion - Politics - Society |
| Statement of responsibility, etc. |
Dominique Trimbur, Barbara Haider-Wilson. |
| 264 #1 - PRODUCTION, PUBLICATION, DISTRIBUTION, MANUFACTURE, AND COPYRIGHT NOTICE |
| Name of producer, publisher, distributor, manufacturer |
Verlag der österreichischen Akademie der Wissenschaften, |
| 300 ## - PHYSICAL DESCRIPTION |
| Extent |
1 online resource (384 p.) |
| 506 0# - RESTRICTIONS ON ACCESS NOTE |
| Terms governing access |
Access copy available to the general public. |
| Standardized terminology for access restriction |
Unrestricted |
| Source of term |
star |
| 520 ## - SUMMARY, ETC. |
| Summary, etc. |
The encounter of Occident and Orient is one of the major topics of our time. This encounter is the theme of the present volume in regards to the Palestinian realm from 1799 to 1948. The contributions of twelve authors from Germany, France, Israel, Italy, Austria, Russia, and Switzerland are concerned with a period in which the ordinary interest for the land of the Bible and Christian history was connected to a much greater cultural and political discourse, which was not only carried out by the western churches, but also by European societies in general. In nineteenth- and early twentieth-century Palestine, many forces were at work; from 1516/17 Palestine belonged to the Ottoman Empire. Beginning in the nineteenth century, especially after 1840, this small territory became an issue for world politics. The maintenance of the integrity of the Ottoman Empire constituted one of the guidelines of the European powers. |
| 588 0# - SOURCE OF DESCRIPTION NOTE |
| Source of description note |
Description based on print version record. |
| 590 ## - LOCAL NOTE (RLIN) |
| Local note |
KU Select 2017: Backlist Collection |
| 650 #7 - SUBJECT ADDED ENTRY--TOPICAL TERM |
| Topical term or geographic name entry element |
History / Modern |
| Source of heading or term |
bisacsh |
| 650 #0 - SUBJECT ADDED ENTRY--TOPICAL TERM |
| Topical term or geographic name entry element |
History |
| 655 #0 - INDEX TERM--GENRE/FORM |
| Genre/form data or focus term |
Electronic books. |
| 700 1# - ADDED ENTRY--PERSONAL NAME |
| Personal name |
Trimbur, Dominique |
| Relator term |
editor. |
| 700 1# - ADDED ENTRY--PERSONAL NAME |
| Personal name |
Haider-Wilson, Barbara |
| Relator term |
editor. |
| 758 ## - |
| -- |
Is found in: |
| -- |
Knowledge Unlatched |
| -- |
https://openresearchlibrary.org/module/2774bc74-146a-484f-a7ba-ab1d6a09bbfb |
| 856 40 - ELECTRONIC LOCATION AND ACCESS |
| Uniform Resource Identifier |
<a href="https://openresearchlibrary.org/content/d94917d1-02d1-4a4d-8c24-585bdeb9e7fe">https://openresearchlibrary.org/content/d94917d1-02d1-4a4d-8c24-585bdeb9e7fe</a> |
| Public note |
View this content on Open Research Library. |
| -- |
0 |